000 00742nam a2200229Ia 4500
005 20230125103340.0
008 210716s2008 xx 000 0 und d
020 _a9780070482845
040 _cAIMIT LIBRARY
041 _aeng
082 _a005.41
_21
_bIYES
100 _aIyer, Sriram V.
_969768
245 _aEmbedded realtime systems programming.
250 _a1st ed.
260 _aNew Delhi :
_bTata McGraw Hill Publishing Company Ltd ,
_c2008.
300 _axviii,321p.;
_bPB
_c25 cm.
650 _aIntroduction to embedded realtime systems
_969769
650 _aBuild process for embedded systems
_969770
650 _aReal time operating systems
_969771
700 _aGupta, Pankaj
_969772
942 _2ddc
_cBK
_e1st
_k005.41 IYES
999 _c190715
_d190715